000 00497nam a2200169 i 4500
001 35717
003 ES-MaACL
005 20230906155208.0
007 t|
008 030213s1966 sp ||||1| spa d
100 1 _aBoyer, Charles.
_931182
245 1 0 _aRazones de ser católico /
_cCharles Boyer ; [versión... por Carlos Gómez Acha].
260 _aBilbao :
_bMensajero,
_c1966.
300 _a229 p. ;
_c19 cm.
700 1 _aGómez Acha, Carlos.
_957801
852 _aES-MaACL
_jC-31672
_bR.62351
999 _c35717
_d35717